| 000 | 00935nam0a22002291 4500 | ||
|---|---|---|---|
| 001 | rc\573257 | ||
| 005 | 20250621170835.0 | ||
| 035 | _a(NLR Aleph) 005821594 | ||
| 090 |
_a5485396 _c5485396 |
||
| 100 | _a20031121d1988 |||y0rusy50 ca | ||
| 101 | 0 | _arus | |
| 102 | _aRU | ||
| 105 | _ay ||||||||| | ||
| 200 | 1 |
_aРегиональные и локальные конфликты: генезис, урегулирование, прогнозирование _eСб. науч. тр. _fМоск. гос. ин-т междунар. отношений МИД СССР. Пробл. н.-и. лаб. систем. анализа междунар. отношений _gПод ред. к. и. н. доц. Торкунова А.В. |
|
| 210 |
_aМ. _cБ. и. _d1988 |
||
| 215 |
_a97 с. _d20 |
||
| 333 | _aДСП. Экз. № 00002 | ||
| 801 | 0 |
_aRU _bNLR _gpsbo |
|
| 801 | 1 |
_aRU _bELAR _2rusmarc |
|
| 852 |
_aNLR _j89-50К/7307 |
||
| 942 | _cBOOK | ||
| 980 | _aNB | ||